Top 10 des pays avec les décès de Covid-19 - 11 avril - Statistiques

Statistiques générales
  • Ce quiz a été pris 71 fois
  • Le résultat moyen est 4 sur 13
Statistiques - réponses
rate per
million
pays % Correct
187 France
100%
302 Italy
81%
China
29%
Iran
28%
326 Spain
28%
50 United States
24%
118 United Kingdom
21%
218 Belgium
16%
Germany
14%
140 Netherlands
10%
110 Switzerland
10%
79 Sweden
7%
53 Ireland
2%
Aucun quiz correspondant
Distribution des résultats
% des personnes avec chaque résultat
Percentile par nombre de réponses
Votre historique - résultats
Vous n’avez pas pris ce quiz